| 000 | 01116nam a2200253Ia 4500 | ||
|---|---|---|---|
| 999 |
_c52937 _d52937 |
||
| 001 | 19967 | ||
| 003 | GE_BSU | ||
| 005 | 20200523002006.0 | ||
| 008 | 181216s2006||||ge |||||||||||||| ||geo|| | ||
| 020 | _a99928-0-612-5 | ||
| 040 | _cGE_BSU | ||
| 041 | _ageo | ||
| 080 | _a821-84(031) კ-18 | ||
| 100 |
_aკალანდაძე, გივი _98162 |
||
| 245 |
_aაფორიზმების ენციკლოპედია : _bბრძნული აზრების საგანძური / _cგივი კალანდაძე ; რედ. ლ. ბოჩკოვა-ხვიჩია. |
||
| 264 |
_aთბილისი : _bოაზისი, _c2006. |
||
| 300 |
_a711 გვ. ; _c29 სმ. |
||
| 504 | _aბიბლიოგრაფია : გვ. 711. | ||
| 541 | _h30 ლ. | ||
| 653 | _aაფორიზმების ენციკლოპედია | ||
| 653 | _aბრძნული აზრების საგანძური | ||
| 700 |
_a ბოჩკოვა-ხვიჩია, ლ. _eრედაქტორი _98163 |
||
| 942 |
_cBK _2udc |
||